Lý luận phê bình văn học, nghệ thuật

Đã lưu trong:
书目详细资料
格式: 图书
语言:Undetermined
出版: Hà Nội Hội đồng Lý luận, phê bình văn học, nghệ thuật Trung ương 2020
主题:
标签: 添加标签
没有标签, 成为第一个标记此记录!
Thư viện lưu trữ: Trung tâm Học liệu Trường Đại học Cần Thơ
LEADER 00650nam a2200181Ia 4500
001 CTU_238861
008 210402s9999 xx 000 0 und d
020 |c 0 
082 |a 801 
082 |b L600 
245 0 |a Lý luận phê bình văn học, nghệ thuật 
245 0 |c Hội đồng Lý luận, phê bình văn học, nghệ thuật Trung ương 
260 |a Hà Nội 
260 |b Hội đồng Lý luận, phê bình văn học, nghệ thuật Trung ương 
260 |c 2020 
650 |a Literature,Văn học 
904 |i T.Trang 
980 |a Trung tâm Học liệu Trường Đại học Cần Thơ